| 000 | 00434nam a2200157Ia 4500 | ||
|---|---|---|---|
| 003 | GCL | ||
| 008 | 140319s9999 xx 000 0 eng d | ||
| 040 |
_aGCL / _cGCL |
||
| 082 | 0 | 4 |
_a782.10924 _bB S |
| 100 | 1 | _aBALDINI, GABRIELE | |
| 245 | 1 | 0 |
_aThe stary of Giuseppe Verdi / _cBALDINI, GABRIELE |
| 260 |
_a[S.N] : _bCAMLRIDGE UNIVERSITY PRESS ، _c1980 |
||
| 300 | _a296 | ||
| 650 | 0 | 4 | _aVERDI, GIUSEPPE 1813 - 1901 |
| 942 |
_2ddc _cBK |
||
| 999 |
_c17277 _d17277 |
||